[Event "GER-ch Net Amateur Gr-C Final"]
[Site "Playchess.com INT"]
[Date "2020.04.18"]
[Round "7"]
[White "Grave, Lukas"]
[Black "Cancedda, Bastian"]
[Result "1-0"]
[WhiteElo "1428"]
[BlackElo "1568"]
[PlyCount "53"]
[EventDate "2020.04.18"]
[EventType "swiss (blitz)"]
[EventRounds "13"]
[EventCountry "GER"]
[SourceTitle "CBM 195 Extra"]
[Source "ChessBase"]
[SourceDate "2020.05.31"]
[SourceVersion "1"]
[SourceVersionDate "2020.05.31"]
[SourceQuality "1"]

1. e4 e5 2. Nf3 Nc6 3. Bc4 Bc5 4. c3 d6 5. d4 exd4 6. cxd4 Bb4+ 7. Bd2 Bxd2+ 8. Nbxd2 Bg4 9. 0-0 Nxd4 10. h3 Nxf3+ 11. Nxf3 Bh5 12. Qb3 Qe7 13. Qxb7 Qd8 14. Bb5+ Ke7 15. Qd5 Bxf3 16. gxf3 Nf6 17. Qg5 Kf8 18. Rfe1 g6 19. e5 dxe5 20. Qxe5 Kg7 21. Rad1 Qf8 22. Qxc7 a6 23. Bc4 Rc8 24. Qf4 Rd8 25. h4 Rxd1 26. Rxd1 Qc5 27. Rd6 1-0

[Event "GER-ch Net Amateur Gr-C Final"]
[Site "Playchess.com INT"]
[Date "2020.04.18"]
[Round "13"]
[White "Schenk, Michael"]
[Black "Cancedda, Bastian"]
[Result "0-1"]
[WhiteElo "1373"]
[BlackElo "1568"]
[PlyCount "46"]
[EventDate "2020.04.18"]
[EventType "swiss (blitz)"]
[EventRounds "13"]
[EventCountry "GER"]
[SourceTitle "CBM 195 Extra"]
[Source "ChessBase"]
[SourceDate "2020.05.31"]
[SourceVersion "1"]
[SourceVersionDate "2020.05.31"]
[SourceQuality "1"]

1. e4 e5 2. f4 d6 3. Nf3 Nd7 4. Bc4 Ngf6 5. Nc3 g6 6. 0-0 Bg7 7. fxe5 dxe5 8. Ng5 0-0 9. Nd5 Nxd5 10. Bxd5 Qxg5 11. Qf3 Qf6 12. Qe2 Qd8 13. d3 c6 14. Bb3 b5 15. g3 a5 16. h4 a4 17. Bg5 Qe8 18. Qf3 axb3 19. cxb3 f6 20. Bxf6 Rxf6 21. Qg4 Rxf1+ 22. Rxf1 Nc5 23. h5 Bxg4 0-1

[Event "GER-ch Net Amateur Gr-C Final"]
[Site "Playchess.com INT"]
[Date "2020.04.18"]
[Round "4"]
[White "Schoen, Fabian"]
[Black "Cancedda, Bastian"]
[Result "1-0"]
[WhiteElo "1478"]
[BlackElo "1568"]
[PlyCount "181"]
[EventDate "2020.04.18"]
[EventType "swiss (blitz)"]
[EventRounds "13"]
[EventCountry "GER"]
[SourceTitle "CBM 195 Extra"]
[Source "ChessBase"]
[SourceDate "2020.05.31"]
[SourceVersion "1"]
[SourceVersionDate "2020.05.31"]
[SourceQuality "1"]

1. Nf3 Nc6 2. d4 d5 3. Bf4 e6 4. Nc3 Nge7 5. g3 g6 6. Bg2 Bg7 7. e3 0-0 8. 0-0 b6 9. Qd3 f5 10. Rfe1 Nb4 11. Qd2 Bb7 12. Nb5 Na6 13. Qc3 c6 14. Nd6 Qd7 15. a4 Nc8 16. Nxb7 Qxb7 17. b4 Ne7 18. Qb3 Qd7 19. c4 Nc7 20. Ne5 Bxe5 21. Bxe5 Ne8 22. a5 Nf6 23. h3 Ne4 24. Qd3 b5 25. cxd5 exd5 26. f3 Nd6 27. Rac1 Nc4 28. Bf1 Nc8 29. Qb3 N8d6 30. Bxd6 Qxd6 31. Kg2 Rfd8 32. Bxc4 bxc4 33. Qa4 Rdc8 34. b5 cxb5 35. Qxb5 Rab8 36. Qa4 a6 37. Ra1 Re8 38. Qa3 Qxa3 39. Rxa3 Red8 40. Raa1 Rb3 41. Rab1 Rdb8 42. Ra1 c3 43. Rec1 Rc8 44. Ra2 Rb2+ 45. Rxb2 cxb2 46. Rb1 Rb8 47. Kf2 Rb5 48. Ke2 Kf7 49. Kd3 Rxa5 50. Rxb2 Ra3+ 51. Kd2 Ra5 52. Rb7+ Kg8 53. Rd7 Ra4 54. Rxd5 Rb4 55. Ra5 Rb6 56. Kc3 Kf7 57. Kc4 Rc6+ 58. Kd5 Re6 59. e4 fxe4 60. fxe4 Kf6 61. h4 Kf7 62. g4 Kf6 63. Rc5 Kf7 64. Rc7+ Re7 65. Rc6 Kf8 66. g5 a5 67. Ra6 Rd7+ 68. Kc4 Rc7+ 69. Kd3 Rf7 70. Rxa5 Rf4 71. Ra8+ Kg7 72. Ra7+ Kg8 73. e5 Rxh4 74. d5 Rh3+ 75. Kd4 Rh4+ 76. Kc5 Rh1 77. d6 Rc1+ 78. Kd5 Rd1+ 79. Ke6 Rc1 80. d7 Rd1 81. Ra8+ Kg7 82. d8Q Rxd8 83. Rxd8 h6 84. gxh6+ Kxh6 85. Kd6 g5 86. e6 g4 87. e7 g3 88. Rg8 g2 89. Rxg2 Kh7 90. e8Q Kh6 91. Qh8# 1-0

[Event "GER-ch Net Amateur Gr-C Vor2"]
[Site "Playchess.com INT"]
[Date "2020.04.15"]
[Round "1"]
[White "Schoen, Fabian"]
[Black "Cancedda, Bastian"]
[Result "1-0"]
[WhiteElo "1620"]
[BlackElo "1378"]
[PlyCount "119"]
[EventDate "2020.04.15"]
[EventType "swiss (blitz)"]
[EventRounds "9"]
[EventCountry "GER"]
[SourceTitle "CBM 196 Extra"]
[Source "ChessBase"]
[SourceDate "2020.07.31"]
[SourceVersion "1"]
[SourceVersionDate "2020.07.31"]
[SourceQuality "1"]

1. Nf3 Nc6 2. c4 e5 3. d4 d6 4. b3 exd4 5. Nxd4 Nxd4 6. Qxd4 Nf6 7. Bb2 Be6 8. e3 Qd7 9. h3 c6 10. Nc3 d5 11. cxd5 Bxd5 12. Nxd5 Qxd5 13. Qxd5 Nxd5 14. Bc4 0-0-0 15. 0-0 f6 16. Rad1 Be7 17. Rd2 Rd7 18. Rfd1 Rhd8 19. Be2 Nb6 20. Bg4 h6 21. Bxd7+ Rxd7 22. Rxd7 Nxd7 23. Bd4 a6 24. f4 Nf8 25. g4 Ng6 26. Bb2 Nh4 27. Kf2 Ng6 28. f5 Nf8 29. e4 Nd7 30. h4 Nc5 31. g5 fxg5 32. hxg5 Nxe4+ 33. Kf3 Nxg5+ 34. Kg4 Bf8 35. Rd6 Ne4 36. Rg6 Nf6+ 37. Bxf6 gxf6 38. Rg8 h5+ 39. Kxh5 Kd7 40. Rxf8 Kd6 41. Rxf6+ Ke5 42. Rf8 Kd6 43. Kg6 Ke7 44. Kg7 Kd6 45. f6 Ke6 46. f7 Ke7 47. Re8+ Kd6 48. f8Q+ Kc7 49. Qe7+ Kb6 50. Qd8+ Kb5 51. Re5+ Kb4 52. Qd4+ Ka3 53. Qa4+ Kb2 54. b4 Kc3 55. b5 axb5 56. Re3+ Kd2 57. Qb3 c5 58. Rh3 c4 59. Qb2+ Kd1 60. Rh1# 1-0

[Event "GER-ch Net Amateur Gr-C Vor2"]
[Site "Playchess.com INT"]
[Date "2020.04.15"]
[Round "2"]
[White "Stein, Daniel2222"]
[Black "Cancedda, Bastian"]
[Result "0-1"]
[WhiteElo "1155"]
[BlackElo "1358"]
[PlyCount "74"]
[EventDate "2020.04.15"]
[EventType "swiss (blitz)"]
[EventRounds "9"]
[EventCountry "GER"]
[SourceTitle "CBM 196 Extra"]
[Source "ChessBase"]
[SourceDate "2020.07.31"]
[SourceVersion "1"]
[SourceVersionDate "2020.07.31"]
[SourceQuality "1"]

1. e4 e5 2. d4 exd4 3. Nf3 Nc6 4. Bc4 Bc5 5. Bf4 d6 6. 0-0 Bg4 7. Re1 Ne5 8. Bxe5 dxe5 9. Qd3 Bxf3 10. Qxf3 Nf6 11. Nd2 0-0 12. Nb3 Bb6 13. c3 c5 14. cxd4 cxd4 15. Rad1 Rc8 16. Qd3 Qc7 17. Rc1 Qd7 18. Bb5 Qe7 19. Rxc8 Rxc8 20. Qh3 Rc7 21. Rc1 Rxc1+ 22. Nxc1 Nxe4 23. Qc8+ Qd8 24. Qxb7 Qc7 25. Qxe4 Qxc1+ 26. Bf1 g6 27. Qxe5 Qc7 28. Qe8+ Kg7 29. Qe4 Qd6 30. Qh4 Bd8 31. Qe4 Bc7 32. Bd3 Qxh2+ 33. Kf1 Qh1+ 34. Ke2 Qh5+ 35. Kd2 Ba5+ 36. Kc2 Qc5+ 37. Kb1 Qb4 0-1